<?xml version="1.0" encoding="UTF-8"?>
<record
    xmlns:xsi="http://www.w3.org/2001/XMLSchema-instance"
    xsi:schemaLocation="http://www.loc.gov/MARC21/slim http://www.loc.gov/standards/marcxml/schema/MARC21slim.xsd"
    xmlns="http://www.loc.gov/MARC21/slim">

  <leader>01525nam a22002417a 4500</leader>
  <datafield tag="999" ind1=" " ind2=" ">
    <subfield code="c">6309</subfield>
    <subfield code="d">6309</subfield>
  </datafield>
  <controlfield tag="003">DO-SdBJH</controlfield>
  <controlfield tag="005">20210708174854.0</controlfield>
  <controlfield tag="008">210708b           ||||| |||| 00| 0 spa d</controlfield>
  <datafield tag="040" ind1=" " ind2=" ">
    <subfield code="a">DO-SdBJH</subfield>
    <subfield code="b">spa</subfield>
    <subfield code="c">DO-SdBJH</subfield>
  </datafield>
  <datafield tag="090" ind1=" " ind2=" ">
    <subfield code="a">TG EGDC</subfield>
    <subfield code="b">01590 2019</subfield>
  </datafield>
  <datafield tag="100" ind1="1" ind2=" ">
    <subfield code="a">Tejedor Reyes, Miguel</subfield>
    <subfield code="e">sustentante</subfield>
  </datafield>
  <datafield tag="245" ind1=" " ind2=" ">
    <subfield code="a">Efectos del narcotr&#xE1;fico en la Seguridad Nacional de El Salvador y Panam&#xE1; 2010-2017 / </subfield>
    <subfield code="c">Miguel Tejedor Reyes, Ra&#xFA;l Alfonso Valiente Mart&#xED;nez, asesores Hermes J. Ger&#xF3;nimo Mena, Francisco Antonio Acosta P&#xE9;rez</subfield>
  </datafield>
  <datafield tag="260" ind1=" " ind2=" ">
    <subfield code="a">Santo Domingo :</subfield>
    <subfield code="b">INSUDE, </subfield>
    <subfield code="c">2019</subfield>
  </datafield>
  <datafield tag="300" ind1=" " ind2=" ">
    <subfield code="a">xvi, 113 p&#xE1;ginas, cuadros</subfield>
  </datafield>
  <datafield tag="502" ind1=" " ind2=" ">
    <subfield code="a">Tesis (Especialidad en Comando y Estado Mayor Conjunto) -- Instituto Superior para la Defensa (INSUDE). &#x2013; Escuela de Graduados de Doctrina Conjunta &#x201C;General de Divisi&#xF3;n Gregorio Luper&#xF3;n&#x201D; 2019</subfield>
  </datafield>
  <datafield tag="504" ind1=" " ind2=" ">
    <subfield code="a"> Incluye referencias bibliogr&#xE1;ficas e &#xED;ndices</subfield>
  </datafield>
  <datafield tag="505" ind1=" " ind2=" ">
    <subfield code="a">Antecedentes hist&#xF3;ricos de la incidencia del narcotr&#xE1;fico en El Salvador y Panam&#xE1;. -- Mecanismos e instituciones de El Salvador y Panam&#xE1; para combatir las amenazas de la seguridad. -- Efectos del narcotr&#xE1;fico en la Seguridad Nacional y Panam&#xE1; entre los a&#xF1;os 2010-2017</subfield>
  </datafield>
  <datafield tag="700" ind1="1" ind2=" ">
    <subfield code="a"> Valiente Mart&#xED;nez, Ra&#xFA;l Alfonso</subfield>
    <subfield code="e">sustentante</subfield>
  </datafield>
  <datafield tag="700" ind1="1" ind2=" ">
    <subfield code="a">Ger&#xF3;nimo Mena, Hermes J. </subfield>
    <subfield code="e">asesor</subfield>
  </datafield>
  <datafield tag="700" ind1="1" ind2=" ">
    <subfield code="a"> Acosta P&#xE9;rez,  Francisco Antonio</subfield>
    <subfield code="e">asesor</subfield>
  </datafield>
  <datafield tag="830" ind1=" " ind2=" ">
    <subfield code="a">INSUDE.  Escuela de Graduados de Doctrina Conjunta &#x201C;General de Divisi&#xF3;n Gregorio Luper&#xF3;n&#x201D; 2017. Tesis y disertaciones acad&#xE9;micas</subfield>
  </datafield>
  <datafield tag="942" ind1=" " ind2=" ">
    <subfield code="2">CL</subfield>
    <subfield code="c">T</subfield>
  </datafield>
  <datafield tag="952" ind1=" " ind2=" ">
    <subfield code="0">0</subfield>
    <subfield code="1">0</subfield>
    <subfield code="2">CL</subfield>
    <subfield code="4">0</subfield>
    <subfield code="7">1</subfield>
    <subfield code="8">TG</subfield>
    <subfield code="a">BJHA</subfield>
    <subfield code="b">BJHA</subfield>
    <subfield code="d">2021-07-08</subfield>
    <subfield code="i">01590</subfield>
    <subfield code="l">0</subfield>
    <subfield code="o">TG EGDC 01590 2019</subfield>
    <subfield code="p">01590</subfield>
    <subfield code="r">2021-07-08 00:00:00</subfield>
    <subfield code="t">e.1</subfield>
    <subfield code="w">2021-07-08</subfield>
    <subfield code="y">T</subfield>
  </datafield>
</record>
